| 000 | 00504cam a2200193ua 4500 | ||
|---|---|---|---|
| 001 | 1497 | ||
| 008 | 110711n ii |||gr||||Z||||||eng | ||
| 020 | _a81-85274-04-5 | ||
| 040 | _cMAIN | ||
| 082 | _a339.01 | ||
| 100 | 1 | _aPeterson, Willis L., | |
| 245 | 1 |
_aPrinciples of economics macro. _cBy Willis L Peterson. |
|
| 250 | _a6th. | ||
| 260 |
_a[s.l]: _bUniversal book stall.,988. |
||
| 300 |
_axii, 363 p.: _c25 cm. |
||
| 653 | _aEconomics. | ||
| 653 | _aPrinciples of economics. macro | ||
| 942 | _cBK | ||
| 999 |
_c1386 _d1386 |
||